El burlador de Sevilla (Registro nro. 22024)

Detalles MARC
000 -CABECERA
Longitud fija campo de control 00491nam a22001817a 4500
003 - IDENTIFICADOR DELl NÚMERO DE CONTROL
Identificador del número de control OSt
005 - FECHA Y HORA DE LA ÚLTIMA TRANSACCIÓN
Fecha y hora de la última transacción 20150817131747.0
008 - CÓDIGOS DE INFORMACIÓN DE LONGITUD FIJA
Códigos de información de longitud fija 150130b xxu||||| |||| 00| 0 eng d
020 ## - NÚMERO INTERNACIONAL NORMALIZADO PARA LIBROS
Número Internacional Normalizado para Libros (ISBN) 978-958-30-0101-7
040 ## - FUENTE DE LA CATALOGACIÓN
Centro transcriptor BCRI
Centro catalogador de origen BCRI
082 ## - NÚMERO DE LA CLASIFICACIÓN DECIMAL DEWEY
Númeroo de clasificación 862
100 1# - PUNTO DE ACCESO PRINCIPAL-NOMBRE DE PERSONA
Nombre de persona Molina, Tirso de
Fechas asociadas al nombre 1579-1648
9 (RLIN) 304
245 13 - MENCIÓN DE TÍTULO
Título El burlador de Sevilla
Mención de responsabilidad, etc. Tirso de Molina
260 ## - PUBLICACIÓN, DISTRIBUCIÓN, ETC. (PIE DE IMPRENTA)
Lugar de publicación, distribución, etc. Bogota
Nombre del editor, distribuidor, etc. Panamericana
Fecha de publicación, distribución, etc. 2007
300 ## - DESCRIPCIÓN FÍSICA
Extensión 113p.
Dimensiones 21 cm
650 24 - PUNTO DE ACCESO ADICIONAL DE MATERIA - TÉRMINO DE MATERIA
9 (RLIN) 2144
Término de materia o nombre geográfico como elemento inicial Teatro español
942 ## - ENTRADA DE ELEMENTOS AGREGADOS (KOHA)
Fuente de clasificaión o esquema Dewey Decimal Classification
Koha [por defecto] tipo de item 1- Monografias
Parte de clasificación prozim
Existencias
Suprimido Perdido Fuente de clasificación o esquema Estropeado Restricciones de uso No para préstamo Código de colección Localización permanente Localización actual Localización en estanter&íacute;as Fecha adquisición Fuente de adquisición Número de inventario Préstamos totales Signatura completa Código de barras Fecha última consulta Fecha último préstamo Fecha del precio de reemplazo Tipo de item de Koha
NULL NULL Dewey Decimal Classification NULL Prestable NULL NULL Biblioteca Centro Regional de Ilobasco Biblioteca Centro Regional de Ilobasco Sala Principal 17/08/2015 UNICAES LI000871 1 T MOL bur 1033180 20/06/2024 28/05/2024 17/08/2015 1- Monografias
NULL NULL Dewey Decimal Classification NULL Prestable NULL NULL Biblioteca Centro Regional de Ilobasco Biblioteca Centro Regional de Ilobasco Sala Principal 17/08/2015 UNICAES LI000872 2 T MOL bur 1033181 03/02/2026 22/04/2024 17/08/2015 1- Monografias
NULL NULL Dewey Decimal Classification NULL Prestable NULL NULL Biblioteca Centro Regional de Ilobasco Biblioteca Centro Regional de Ilobasco Sala Principal 17/08/2015 UNICAES LI000873   T MOL bur 1033182 20/06/2024   17/08/2015 1- Monografias